| 000 | 01085nam0a22002411 4500 | ||
|---|---|---|---|
| 001 | rc\945978 | ||
| 005 | 20260407044016.0 | ||
| 035 | _a(NLR Aleph) 006118155 | ||
| 090 |
_a5431866 _c5431866 |
||
| 100 | _a20041129d1982 |||y0rusy50 ca | ||
| 101 | 0 | _arus | |
| 102 | _aRU | ||
| 105 | _ay ||||||||| | ||
| 200 | 1 |
_aМедико-санитарное обеспечение населения Крайнего Севера _eСб. науч. тр. _fВДНХ СССР, Ин-т мед. пробл. Севера _g[Редкол.: К.В. Орехов (отв. ред.) и др.] |
|
| 210 |
_aКрасноярск _cСО АМН СССР _d1982 |
||
| 215 |
_a280 с. _d20 |
||
| 702 | 1 |
_4340 _7ca _8rus _aОрехов _bК. В. _cд-р мед. наук, педиатрия _f1931-2010 _gКонстантин Владимирович _9269567 _3RU\NLR\AUTH\770269623 |
|
| 712 | 0 | 2 |
_aНИИ медицинских проблем Севера _cКрасноярск _3RU\NLR\AUTH\8810016540 _9530939 |
| 801 | 0 |
_aRU _bNLR _gpsbo |
|
| 801 | 1 |
_aRU _bELAR _2rusmarc |
|
| 852 |
_aNLR _j83-3/5234 |
||
| 942 | _cBOOK | ||
| 980 | _aNB | ||